[Event "XXXI Torre Memorial 2019"]
[Site "Merida"]
[Date "2019.12.16"]
[Round "5.18"]
[White "Figueredo Losada, Leonel"]
[Black "Noboa Silva, Kevin"]
[Result "0-1"]
[WhiteElo "2381"]
[BlackElo "2306"]
[Annotator "NA"]
[PlyCount "50"]
[EventDate "2019.12.13"]
[EventType "swiss"]
[EventCountry "MEX"]
[SourceTitle "playchess.com"]
[Source "ChessBase"]
[SourceQuality "1"]
[TimeControl "5400+30"]

1. d4 {[%emt 0:00:00]} e6 {[%emt 0:03:16]} 2. c4 {[%emt 0:00:18]} Nf6 {[%emt 0:00:28]} 3. Nc3 {[%emt 0:00:06]} Bb4 {[%emt 0:00:08]} 4. e3 {[%emt 0:00:06]} O-O {[%emt 0:01:37]} 5. Bd3 {[%emt 0:00:07]} d5 {[%emt 0:03:06]} 6. a3 {[%emt 0:00:38]} Bxc3+ {[%emt 0:00:17]} 7. bxc3 {[%emt 0:00:04]} dxc4 {[%emt 0:01:00]} 8. Bxc4 {[%emt 0:00:05]} c5 {[%emt 0:00:05]} 9. Ne2 {[%emt 0:11:39]} Qc7 {[%emt 0:00:37]} 10. Ba2 {[%emt 0:03:19]} b6 {[%emt 0:01:19]} 11. O-O {[%emt 0:00:33]} Ba6 {[%emt 0:01:20]} 12. f3 {[%emt 0:02:49]} Nc6 {[%emt 0:00:41]} 13. Rf2 {[%emt 0:02:33]} Rfd8 {[%emt 0:02:49]} 14. Qa4 {[%emt 0:01:04]} Qc8 {[%emt 0:11:52]} 15. Bb2 {[%emt 0:11:05]} e5 {[%emt 0:04:50]} 16. Rc1 {[%emt 0:02:43]} Bd3 {[%emt 0:08:39]} 17. dxc5 {[%emt 0:18:39]} b5 {[%emt 0:05:19]} 18. Qh4 {[%emt 0:01:07]} Ne7 {[%emt 0:00:17]} 19. Re1 {[%emt 0:16:48]} Nf5 {[%emt 0:04:41]} 20. Qh3 {[%emt 0:01:10]} Qxc5 {[%emt 0:00:53]} 21. f4 {[%emt 0:15:26]} Nxe3 {[%emt 0:05:32]} 22. fxe5 {[%emt 0:02:53]} Bxe2 {[%emt 0:15:47]} 23. exf6 {[%emt 0:00:05]} Ng4 {[%emt 0:00:15]} 24. Qg3 {[%emt 0:03:49]} Rd2 {[%emt 0:04:09]} 25. Bc1 Rd4 0-1

[Event "XXXI Torre Memorial 2019"]
[Site "Merida"]
[Date "2019.12.16"]
[Round "6.1"]
[White "Miranda Mesa, Elier"]
[Black "Santiago, Yago De Moura"]
[Result "1/2-1/2"]
[WhiteElo "2477"]
[BlackElo "2479"]
[Annotator "TA"]
[PlyCount "73"]
[EventDate "2019.12.13"]
[EventType "swiss"]
[EventCountry "MEX"]
[SourceTitle "playchess.com"]
[Source "ChessBase"]
[SourceQuality "1"]

{[%evp 19,73,50,49,52,51,53,30,44,33,60,61,48,49,40,56,64,42,44,44,33,30,38,41,12,54,47,132,119,122,111,101,42,43,44,43,50,73,70,102,89,130,115,141,26,114,105,201,205,272,129,204,204,182,0,0,0]} 1. e4 e6 2. d4 d5 3. Nd2 Nc6 4. Ngf3 Nf6 5. e5 Nd7 6. Be2 f6 7. exf6 Qxf6 8. Nf1 Bd6 9. Ne3 O-O 10. O-O Qg6 11. c4 {C04: French Tarrasch: 3...Nc6} Nf6 12. c5 {[#] Threatens to win with Bd3.} Be7 13. Bb5 {White has an edge.} Bd7 14. Bxc6 (14. a4 Qh5 15. Bxc6 Bxc6 16. Ne5 Qxd1 17. Rxd1 Be8 18. f3 b6 {½-½ (65) Vokhidov,S (2512)-Stupak,K (2561) St Petersburg 2019}) 14... Bxc6 15. Ne5 Qe8 16. a4 Nd7 {And now ...Nxe5 would win.} 17. N3g4 h5 18. Nxd7 Bxd7 19. Ne5 $146 Rf5 20. h3 b6 21. b4 {[%cal Bb2b4,Bb4b5][%mdl 32]} a5 22. cxb6 {bxa5 is the strong threat.} cxb6 (22... Bxb4 $14 23. Bd2 (23. bxc7 Bd6 $14) 23... cxb6) 23. b5 $16 Bd6 24. Re1 Rc8 25. Ba3 ({Better is} 25. Be3 $16) 25... Bxe5 $1 $14 26. Rxe5 Rxe5 27. dxe5 Rc4 28. Bb2 Bc8 29. Bd4 Bb7 30. Bxb6 d4 31. Ra3 (31. f3 $16) 31... Be4 (31... Qe7 $1 $11 32. Rg3 h4) 32. Bxa5 Bc2 (32... Qa8 $16) 33. Qa1 $18 Be4 34. Qe1 (34. Bd2 $18 {and White stays clearly on top.}) 34... d3 (34... Qf8 $16) 35. f3 Qf8 {[#]} 36. Rc3 $2 (36. Ra1 $1 $18 Bxf3 37. gxf3 Qxf3 38. Ra2) 36... Rxa4 $11 37. fxe4 {Accuracy: White = 56%, Black = 43%.} 1/2-1/2

[Event "XXXI Torre Memorial 2019"]
[Site "Merida"]
[Date "2019.12.16"]
[Round "6.2"]
[White "Ibarra Chami, Luis Fernando"]
[Black "Albornoz Cabrera, Carlos Daniel"]
[Result "0-1"]
[WhiteElo "2423"]
[BlackElo "2555"]
[Annotator "TA"]
[PlyCount "90"]
[EventDate "2019.12.13"]
[EventType "swiss"]
[EventCountry "MEX"]
[SourceTitle "playchess.com"]
[Source "ChessBase"]
[SourceQuality "1"]

{[%evp 18,92,0,0,0,0,0,0,0,0,0,0,0,-14,0,-20,-12,-23,0,0,0,0,0,0,0,-12,0,-33,-36,-37,-36,-43,-36,-33,-30,-39,-3,-41,-33,-42,-31,-38,-39,-87,-85,-143,-68,-68,-35,-87,-68,-68,-68,-107,-81,-102,-68,-68,-44,-35,-17,-68,-68,-68,-68,-68,-68,-214,-193,-182,-214,-7400,-7541,-29995,-29996,-29998,-29999]} 1. c4 Nf6 2. Nc3 g6 3. g3 Bg7 4. Bg2 d6 5. e4 c5 6. Nge2 Nc6 7. d3 O-O 8. O-O Rb8 9. h3 a6 10. a4 Nd7 {A36: Symmetrical English vs ...g6: 4 Bg2 Bg7} 11. Rb1 b6 12. Be3 Nd4 {The position is equal.} 13. b4 Bb7 14. Qd2 e6 15. f4 f5 {[#]} 16. Bf2 $146 ({Predecessor:} 16. Kh2 Kh8 17. Ng1 cxb4 18. Rxb4 {0-1 (41) Quesada Perez,L (2513)-Albornoz Cabrera,C (2577) Santa Clara 2019}) 16... Qc7 17. Kh2 Ba8 18. b5 a5 19. Rbe1 Rbe8 20. Bg1 Qd8 21. Kh1 Kh8 22. Nd1 e5 23. Ndc3 Nf6 24. fxe5 dxe5 25. Nd5 Bxd5 26. exd5 f4 27. Nxd4 (27. Bf3 $5) 27... cxd4 28. gxf4 Nh5 {aiming for ...Ng3+.} 29. Bh2 {[%cal Rf4e5]} Bh6 {[%cal Rh6f4]} 30. c5 bxc5 31. Qc2 (31. Bf3 $142) 31... Nxf4 (31... Bxf4 $17 32. Be4 Bxh2 33. Kxh2 Qd6) 32. Bxf4 $15 Bxf4 33. Qe2 (33. Qxc5 $15 Qg5 34. Rf3) 33... Rf5 34. Rb1 {[%cal Be1b1,Bb1b2,Bb2c2][%mdl 32]} Qb6 35. Be4 Rh5 36. Bg2 {Threatens to win with Rxf4!} Rd8 37. Rb2 Rg5 38. Qe4 Rg3 {Strongly threatening ...Re3.} 39. Rf3 (39. d6 $1 $11 Qxd6 40. Qc6) 39... Rxf3 $1 40. Bxf3 Rb8 41. Rc2 Qd6 42. Qe1 (42. Bg2 $15) 42... Rf8 $19 43. Bg2 Be3 44. Qxa5 $2 {[#]} (44. Rb2 Qb6 45. Qh4) 44... e4 $1 {[%mdl 512] ( -> ...Qg3)} 45. dxe4 Qg3 0-1

[Event "XXXI Torre Memorial 2019"]
[Site "Merida"]
[Date "2019.12.16"]
[Round "6.3"]
[White "Fernandez Cardoso, Alexey"]
[Black "Cordova, Emilio"]
[Result "0-1"]
[WhiteElo "2441"]
[BlackElo "2585"]
[Annotator "TA"]
[PlyCount "37"]
[EventDate "2019.12.13"]
[EventType "swiss"]
[EventCountry "MEX"]
[SourceTitle "playchess.com"]
[Source "ChessBase"]
[SourceQuality "1"]

{[%evp 16,17,25,12]} 1. e4 c5 2. Nf3 Nc6 3. d4 cxd4 4. Nxd4 Nf6 5. Nc3 e5 6. Ndb5 d6 7. Bg5 a6 8. Na3 b5 9. Nd5 {[%mdl 32768] Loss on time!?} {Predecessor:} Be7 $146 10. Bxf6 Bxf6 11. c4 b4 12. Nc2 O-O 13. g3 Bg5 14. Bg2 a5 15. O-O Ne7 16. Nce3 Bxe3 17. Nxe3 Be6 18. b3 Ra7 19. Qd3 {½-½ (52) Nepomniachtchi,I (2776)-Yu,Y (2763) Khanty-Mansiysk 2019} 0-1

[Event "XXXI Torre Memorial 2019"]
[Site "Merida"]
[Date "2019.12.16"]
[Round "6.4"]
[White "Almeida Quintana, Omar"]
[Black "Kevlishvili, Robby"]
[Result "1/2-1/2"]
[WhiteElo "2554"]
[BlackElo "2457"]
[Annotator "TA"]
[PlyCount "36"]
[EventDate "2019.12.13"]
[EventType "swiss"]
[EventCountry "MEX"]
[SourceTitle "playchess.com"]
[Source "ChessBase"]
[SourceQuality "1"]

{[%evp 12,36,14,16,35,11,26,13,5,5,0,0,0,0,0,-8,0,-5,-8,-14,0,-4,0,0,0,-15,0]} 1. d4 d5 2. Nf3 Nf6 3. c4 c6 4. e3 Bf5 5. Nc3 e6 6. Nh4 Be4 7. f3 Bg6 {D12: Slav Defence: 3 Nf3 Nf6 4 e3 Bf5} 8. g3 (8. Qb3 Qc7 9. Bd2 Be7 10. O-O-O dxc4 11. Bxc4 b5 12. Be2 a6 13. Nxg6 hxg6 14. Ne4 Nxe4 15. fxe4 c5 16. d5 exd5 17. exd5 {½-½ (38) Ding,L (2811)-Shankland,S (2705) chess.com INT 2019}) 8... Be7 9. Be2 O-O {The position is equal.} 10. O-O c5 11. Nxg6 hxg6 12. cxd5 exd5 13. dxc5 Bxc5 14. Qb3 $146 ({Predecessor:} 14. Na4 Bd6 15. Bd2 {0-1 (42) Constantinou,P (2064)-Pitirotjirathon,J (2270) Istanbul 2012}) 14... Qe7 15. Na4 Bd6 16. Nc3 Bc5 17. Na4 Bd6 18. Nc3 Bc5 1/2-1/2

[Event "XXXI Torre Memorial 2019"]
[Site "Merida"]
[Date "2019.12.16"]
[Round "6.5"]
[White "Ortiz Suarez, Isan Reynaldo"]
[Black "Alvarez Pedraza, Aramis"]
[Result "0-1"]
[WhiteElo "2549"]
[BlackElo "2429"]
[Annotator "TA"]
[PlyCount "105"]
[EventDate "2019.12.13"]
[EventType "swiss"]
[EventCountry "MEX"]
[SourceTitle "playchess.com"]
[Source "ChessBase"]
[SourceQuality "1"]

{[%evp 12,105,14,22,20,31,58,44,58,50,55,14,39,33,41,27,20,16,31,22,52,19,32,0,43,25,25,20,28,14,39,0,25,0,12,0,13,24,22,31,59,29,32,0,44,39,34,36,52,33,33,10,19,-59,-54,-60,-65,-55,-63,-68,-61,-61,-59,-75,-39,-120,-120,-120,-125,-128,-121,-137,-137,-427,-425,-420,-389,-406,-406,-419,-429,-406,-355,-5439,-5373,-3068,-2262,-941,-921,-899,-873,-9684,-9310,-6199,-5311,-914]} 1. Nf3 Nf6 2. c4 b6 3. g3 Bb7 4. Bg2 g6 5. d4 Bg7 6. O-O O-O 7. Qc2 e6 {A50: Queen's Fianchetto Defence (1 d4 Nf6 2 c4 b6)} 8. Nc3 d6 (8... d5 9. Ne5 c6 10. Rd1 Nbd7 11. e4 dxe4 12. Nxe4 Nxe4 13. Bxe4 Qc7 14. Nxd7 Qxd7 15. Be3 {1-0 (47) Xiong,J (2672)-Mamedyarov,S (2817) chess.com INT 2019}) 9. e4 Nbd7 {White is slightly better.} 10. b3 c5 $146 ({Predecessor:} 10... a6 11. Re1 c5 12. Bb2 cxd4 13. Nxd4 Qc7 {0-1 (36) Zafirovski,M (2335)-Tosic,M (2415) Nis 1996}) 11. Bb2 a6 12. Rad1 Qc7 13. Rfe1 cxd4 14. Nxd4 Rad8 15. Qb1 Qb8 16. Qa1 h5 17. Nc2 h4 18. Ne3 hxg3 19. hxg3 Rfe8 20. Re2 Qc7 21. Red2 Ne5 22. Ba3 Bf8 23. Qc1 Nfg4 24. Nxg4 Nxg4 25. Rd4 Rd7 26. Qg5 Ne5 27. Ne2 Red8 28. R4d2 b5 29. cxb5 axb5 30. Nd4 Qb6 31. Bb2 {Black must now prevent Nxe6!} Bg7 32. a3 ({Better is} 32. Nf3 $11 Nxf3+ 33. Bxf3) 32... d5 $1 $15 33. Ne2 dxe4 34. Rxd7 Rxd7 35. Rxd7 Nxd7 36. Bxg7 Kxg7 37. b4 Bc6 38. Nc3 (38. Qf4 $15) 38... Qd4 $17 39. Qe3 Qxe3 40. fxe3 {[%mdl 4096] Endgame [#] KBN-KBN} Ne5 $1 41. Bf1 {[#]} Nd3 $1 42. Bxd3 $2 {[%mdl 8192]} (42. Be2 $17 {might work better.}) 42... exd3 {KB-KN} 43. Kf2 Kf6 44. a4 bxa4 45. b5 Bd7 46. b6 Bc6 47. Nxa4 $2 (47. b7 Bxb7 48. Nxa4) 47... Bxa4 $19 {KB-K3P. Black is clearly winning.} 48. b7 d2 49. b8=Q d1=Q 50. Qf4+ Kg7 51. g4 Qd2+ 52. Kg3 Bc6 53. Qe5+ {Accuracy: White = 45%, Black = 61%.} 0-1

[Event "XXXI Torre Memorial 2019"]
[Site "Merida"]
[Date "2019.12.16"]
[Round "6.6"]
[White "Diaz Rosas, Julio Cesar"]
[Black "Gonzalez Zamora, Juan Carlos"]
[Result "0-1"]
[WhiteElo "2365"]
[BlackElo "2535"]
[Annotator "TA"]
[PlyCount "86"]
[EventDate "2019.12.13"]
[EventType "swiss"]
[EventCountry "MEX"]
[SourceTitle "playchess.com"]
[Source "ChessBase"]
[SourceQuality "1"]

{[%evp 14,86,61,45,43,52,43,25,43,0,0,15,85,7,17,12,65,-20,27,0,0,0,0,0,0,0,0,0,0,-94,-75,-71,-81,-75,-80,-68,-74,-114,-70,-73,-62,-67,-68,-80,-34,-42,-20,-46,-9,-76,-90,-101,-85,-89,-111,-176,-169,-187,-156,-190,-181,-183,-192,-353,-351,-315,-345,-427,-427,-427,-416,-387,-387,-745,-711]} 1. e4 c5 2. Nf3 d6 3. d4 cxd4 4. Nxd4 Nf6 5. Nc3 Nc6 6. Bg5 Qa5 7. Bxf6 gxf6 8. Nb3 Qg5 {B60: Sicilian: Richter-Rauzer: Unusual Black 6th moves and 6...Bd7 without 7 Qd2} (8... Qc7 9. Nd5 Qd8 10. Qh5 Bg7 11. O-O-O O-O 12. f4 e6 13. Ne3 a5 14. Ng4 f5 15. exf5 exf5 16. Nh6+ Bxh6 17. Qxh6 {1-0 (63) Naiditsch,A (2654)-Mamedov,R (2584) Baku 2007}) 9. Nd5 {Hoping for Nc7+.} Rb8 $1 10. f4 Qg6 $1 {White has an edge.} 11. Qe2 $146 ({Predecessor:} 11. Qf3 f5 12. Bd3 fxe4 13. Bxe4 f5 14. Bd3 Bg7 15. c3 O-O 16. O-O {1-0 (35) Bocharov,I (2534)-Gorbatov,A (2397) Moscow 2018}) 11... f5 $1 12. Qe3 Bd7 (12... fxe4 $11 13. Bb5 Bd7) 13. exf5 (13. Bd3 $1 $16) 13... Bxf5 $11 14. O-O-O Rc8 (14... Bxc2 $11 15. Rd2 Bf5) 15. Bb5 (15. Bd3 $14) 15... Qxg2 {[%csl Gf5][%cal Rg2c2]} 16. Kb1 {aiming for Ka1.} (16. Na1 $5 {[%cal Re3a7]} Kd8 17. Bxc6 Rxc6 18. Nc3 $11) 16... Bxc2+ 17. Ka1 Bxd1 18. Rxd1 {Na5 is the strong threat.} e6 {White must now prevent ...Bg7!} ({Much weaker is} 18... Qxh2 $6 19. Na5 $16) 19. Qxa7 $1 {[#]} Bg7 $1 {[%csl Gg7][%cal Rg2b2]} 20. Bxc6+ $1 {[#]} Kf8 $1 {[%csl Gg7][%cal Rg2b2][%mdl 512]} 21. Qa3 (21. Nd4 $11 {remains equal.} exd5 22. Qxb7 Bxd4 23. Qxc8+ Kg7 24. Qb7) 21... Qxb2+ (21... Rd8 {looks sharper.} 22. Na5 bxc6 23. Ne3 Bxb2+ 24. Qxb2 Qxb2+ 25. Kxb2 c5) 22. Qxb2 Bxb2+ 23. Kxb2 Rxc6 24. Ne3 Ke7 25. Rg1 Rcc8 26. Rg5 d5 27. Rh5 Ra8 28. f5 h6 29. Rh4 h5 30. Rb4 Rhb8 31. Rh4 (31. a4 $11 {keeps the balance.}) 31... Kd6 $17 32. fxe6 fxe6 33. a4 Rf8 34. Nd1 (34. Kc3 $17 {was necessary.}) 34... Rac8 $1 $19 35. Rh3 Rc4 36. Nc3 Rf2+ 37. Ka3 h4 38. Na5 $2 (38. Nd1 Rf7 39. Rd3) 38... Rcf4 $1 39. Nxb7+ {[#]} Kc6 $1 {[%cal Rc6b7]} 40. Na5+ Kb6 41. Nb3 {[#]} R2f3 $1 {[%cal Rf3h3]} 42. a5+ Ka6 43. Nc5+ $2 (43. Rxf3 Rxf3 44. Na4) 43... Kxa5 {Accuracy: White = 40%, Black = 60%.} 0-1

[Event "XXXI Torre Memorial 2019"]
[Site "Merida"]
[Date "2019.12.16"]
[Round "6.7"]
[White "Macieja, Bartlomiej"]
[Black "Fernandez Guillen, Ernesto J."]
[Result "1-0"]
[WhiteElo "2513"]
[BlackElo "2407"]
[Annotator "TA"]
[PlyCount "75"]
[EventDate "2019.12.13"]
[EventType "swiss"]
[EventCountry "MEX"]
[SourceTitle "playchess.com"]
[Source "ChessBase"]
[SourceQuality "1"]

{[%evp 22,75,45,34,58,52,76,67,69,60,82,83,69,77,70,62,120,108,113,115,129,100,258,264,197,95,89,89,98,83,170,165,243,54,62,0,230,242,405,387,556,0,206,231,222,228,571,571,1266,1194,1333,1319,2061,2043,2819,1837]} 1. Nf3 Nf6 2. c4 c5 3. Nc3 g6 4. d4 cxd4 5. Nxd4 Bg7 6. e4 d6 7. Be2 O-O 8. O-O Bd7 9. Be3 Nc6 10. Rc1 a6 11. f3 Nxd4 12. Bxd4 Bc6 {B38: Sicilian: Maroczy Bind with 5...Bg7 and 7...0-0} 13. b4 b5 $146 ({Predecessor:} 13... Bd7 14. Qd2 Be6 15. Rfd1 Rc8 16. Nd5 Nxd5 17. exd5 Bxd4+ 18. Qxd4 Bd7 19. Bf1 a5 20. a3 axb4 21. axb4 {½-½ (34) Sorin,A (2486)-Peralta,F (2408) Villa Ballester 2001}) 14. cxb5 axb5 {White is slightly better.} 15. Bxb5 Bxb5 16. Nxb5 Rxa2 17. Na7 Nh5 18. Be3 Ra3 (18... Qa8 $1 $14) 19. Nc6 $16 Qd7 20. Qe2 Rfa8 21. b5 Rb3 $2 (21... Be5 $16) 22. Rb1 $18 Raa3 23. Bf2 (23. Bd2 $18 {is more deadly.}) 23... Nf4 $16 24. Qc2 Rc3 25. Qd2 Bh6 (25... g5 $16) 26. Kh1 $18 Rd3 (26... Rcb3 {was called for.}) 27. Qc2 $2 (27. Qb4 $18) 27... Rdc3 $14 28. Qd2 $2 (28. Qd1 $14) 28... Rd3 $18 29. Qb4 Rxf3 $2 {[#]} (29... Rac3 30. b6 Rxc6) 30. Nxe7+ $1 {[%mdl 512]} Kf8 {[#]} (30... Qxe7 $142 31. gxf3 Rxf3) 31. Bg3 $2 (31. gxf3 Qh3 $3 {[%mdl 512]} 32. Nxg6+ hxg6 33. Qxd6+ Kg8 34. Qb8+ Kh7 35. Qh8+ Kxh8 36. Bd4+ Bg7 37. Bxg7+ Kxg7 38. Rf2 Rxf3 39. Kg1 Qg4+ 40. Kf1 Qg2+ {[%mdl 64] Double Attack} 41. Ke1 Rxf2 {[%mdl 64] Discovered Attack} 42. h4 Qg1#) ({White must play} 31. Nf5 $1 $18 {[%mdl 512]} Rxf2 (31... gxf5 32. gxf3) 32. Rxf2) 31... Rab3 $2 (31... Rxg3 $11 32. b6 {[#]} Rxg2 $1 {[%mdl 512]} 33. Qxa3 Qxe7 34. Qa8+ (34. b7 {is a self mate.} Rxh2+ 35. Kxh2 Qh4+ 36. Kg1 Qg4+ 37. Kf2 Qe2+ {[%mdl 64] Double Attack} 38. Kg3 Qg2+ 39. Kh4 Bg5#) 34... Kg7 35. Qa1+ (35. Rxf4 $2 Rxh2+ 36. Kxh2 Bxf4+ 37. Kg2 Qg5+ 38. Kf1 Qh5 $19) 35... Kg8 36. Qa8+ Kg7 37. Qa1+ (37. Rxf4 $2 Rxh2+ 38. Kxh2 Bxf4+ 39. Kg2 Qg5+ 40. Kf1 Qh5 $19) 37... Kg8 38. Qa8+ Kg7) 32. Qxb3 (32. Rxf3 Rxb4 33. Rxb4 Qa7 $16) 32... Rxb3 33. Rxb3 {Black must now prevent b6.} Ne2 $2 (33... Kxe7 34. Bxf4 Bxf4) 34. b6 {b7 is the strong threat.White is clearly winning.} Qb7 35. Bxd6 Ke8 36. Nd5 f5 37. Ra1 fxe4 {[#]} 38. Nf6+ {Played: Ra1-a8} 1-0

[Event "XXXI Torre Memorial 2019"]
[Site "Merida"]
[Date "2019.12.16"]
[Round "6.8"]
[White "Espinosa Veloz, Ermes"]
[Black "Berdayes Ason, Dylan Isidro"]
[Result "1-0"]
[WhiteElo "2489"]
[BlackElo "2448"]
[Annotator "TA"]
[PlyCount "97"]
[EventDate "2019.12.13"]
[EventType "swiss"]
[EventCountry "MEX"]
[SourceTitle "playchess.com"]
[Source "ChessBase"]
[SourceQuality "1"]

{[%evp 21,97,0,15,0,0,0,0,0,0,0,15,17,25,22,45,8,66,47,41,33,37,26,124,125,116,123,192,185,176,84,93,93,93,93,93,88,85,91,216,154,175,172,158,174,160,158,134,127,225,125,214,125,125,125,168,160,275,161,688,739,5357,2342,29974,29976,29974,29975,29979,29980,29979,29980,29979,5057,29985,29985,29987,29988,29988,29989]} 1. e4 c5 2. Nf3 Nc6 3. d4 cxd4 4. Nxd4 Nf6 5. Nc3 d6 6. Bg5 e6 7. Qd2 a6 8. O-O-O h6 9. Nxc6 bxc6 10. Bf4 d5 11. Qe3 Bb4 12. a3 {B66: Sicilian: Richter-Rauzer: 7...a6 8 0-0-0 h6} Ba5 13. exd5 cxd5 14. Be2 {The position is equal.} O-O 15. Qg3 Kh8 16. Be5 {[#]} Rg8 $146 ({Predecessor:} 16... Bd7 17. h4 Ne8 18. f4 f6 19. Bd4 Nd6 {1-0 (31) Ponomariov,R (2697)-Golubka,P (2503) Batumi 2018}) 17. Qf4 {Ne4! is the strong threat.} Ra7 18. g4 Bc7 ({Black should try} 18... Nh7 $1 $11) 19. h4 Bxe5 20. Qxe5 Nd7 21. Qf4 Qf6 (21... Qb6 $11) 22. Qe3 $16 Rc7 23. f4 Nc5 (23... Bb7 $16) 24. Rhg1 h5 25. Nxd5 ({Much less strong is} 25. gxh5 $6 Rd8 $16) (25. g5 $18 Qg6 26. Qe5) 25... exd5 26. Rxd5 {[%mdl 64] [#] Double Attack} g6 27. Rxc5 Rxc5 28. Qxc5 Bxg4 29. Bxg4 hxg4 {[%mdl 4096] Endgame KQR-KQR} (29... Qxf4+ $16 {was worth a try.} 30. Kb1 hxg4) 30. Qg5 {[%cal Rg5h6]} Kg7 31. Rxg4 $40 {[%mdl 128] White attacks with force.} Re8 32. Qxf6+ Kxf6 {KR-KR} 33. Kd2 Kf5 34. Rg1 Rh8 {[#]} (34... Kxf4 $16 35. Rf1+ Kg3) 35. Rh1 (35. Ke3 $1 $18) 35... f6 (35... Kxf4 $16 {might work better.} 36. Rf1+ Ke5) 36. c4 (36. Ke3 $18) 36... Kxf4 37. c5 Ke4 38. b4 f5 (38... Kd4 $16 {keeps fighting.} 39. Rg1 Rxh4) 39. a4 (39. Rg1 $142) 39... g5 $2 (39... Kd4) 40. c6 $18 Kd5 41. c7 gxh4 42. Rc1 ({Weaker is} 42. Rxh4 Rc8 $14) 42... Rc8 43. b5 axb5 44. axb5 h3 45. b6 {[%cal Bb5b6,Bb6b7][%mdl 32]} h2 46. Ke3 (46. b7 $142 Rxc7 47. b8=Q Rxc1 48. Qg8+ Kd6 49. Qf8+ {[%mdl 64] Double Attack} Kc7 50. Qg7+ Kb6 51. Qb2+ {[%mdl 64] Double Attack} Ka6 52. Qxc1) 46... Ke6 47. Kf3 {White mates.} Kd7 48. b7 Rxc7 49. Rd1+ {Accuracy: White = 61%, Black = 41%.} 1-0

[Event "XXXI Torre Memorial 2019"]
[Site "Merida"]
[Date "2019.12.16"]
[Round "6.9"]
[White "Drazic, Sinisa"]
[Black "Hevia Alejano, Carlos Antonio"]
[Result "1-0"]
[WhiteElo "2371"]
[BlackElo "2465"]
[Annotator "TA"]
[PlyCount "88"]
[EventDate "2019.12.13"]
[EventType "swiss"]
[EventCountry "MEX"]
[SourceTitle "playchess.com"]
[Source "ChessBase"]
[SourceQuality "1"]

{[%evp 9,88,0,2,0,26,10,13,0,4,0,0,-18,-12,-25,-13,-24,-22,-9,0,0,0,1,14,16,17,12,8,8,21,23,73,20,17,15,10,2,0,0,27,14,14,14,60,19,63,33,143,96,265,262,256,250,262,250,262,241,250,167,167,179,142,18,12,0,118,106,155,129,270,258,250,249,249,249,249,243,237,164,1008,853,29995]} 1. e4 c5 2. Nf3 d6 3. c3 Nf6 4. Be2 Bd7 5. d3 Nc6 6. O-O {B50: Sicilian: 2...d6, Miscellaneous} g6 7. Be3 Bg7 8. h3 {The position is equal.} O-O 9. Nbd2 e5 10. d4 (10. a3 b6 11. b4 Nh5 12. Re1 Nf4 13. Bf1 Ne6 {0-1 (45) Aronian,L (2764)-Vachier Lagrave,M (2789) Stavanger 2018}) 10... cxd4 11. cxd4 exd4 12. Nxd4 d5 13. Bf3 dxe4 $146 (13... Rc8 {is more complex.} 14. Re1 Nxe4 15. Nxe4 dxe4 16. Bxe4 Nxd4 17. Bxd4 Be6) ({Predecessor:} 13... Nxd4 14. Bxd4 Bc6 {½-½ (14) Buscher,M (2344)-Houriez,C (2331) Belgium 2012}) 14. Nxe4 Nxe4 15. Bxe4 Qe8 16. Bxc6 Bxc6 17. Nxc6 Qxc6 18. Rc1 Qb5 19. b3 Rac8 20. Qf3 (20. Rxc8 $16 Rxc8 21. Bxa7) 20... a6 $11 21. Rfd1 h5 22. g4 hxg4 23. hxg4 Bb2 24. Rxc8 Rxc8 25. Kg2 Kg7 26. Rd2 Ba1 27. Rd6 Rc6 ({Better is} 27... Rc7 $1 $14) 28. Rd8 Bf6 $2 {[#]} (28... Re6 $16 {was called for.}) 29. Rd5 $1 $18 {[%cal Rd5b5]} Qb4 30. g5 Bb2 {[#]} 31. Rd7 $1 {[%mdl 512]} Qf8 32. Rxb7 Re6 33. b4 Re5 34. Qf6+ Kg8 {[#]} 35. Qb6 ({Reject} 35. Qxa6 $6 Qc8 $11) (35. Qc6 $1 $16) 35... Rb5 $11 36. Qxa6 Rxb4 (36... Qc8 $1 $11 {remains equal.} 37. Qxb5 Qg4+ 38. Kh2 Qh4+ 39. Kg1 Qg4+ 40. Kh2 Qh4+ 41. Kg2 Qg4+ 42. Kh2) 37. Rc7 $36 {[%mdl 2048] Keeping Black busy.} Rb8 38. Qc4 {Hoping for a4.} Rd8 (38... Be5 $16) 39. a4 {[%cal Ba2a4,Ba4a5,Ba5a6][%mdl 32]} Be5 40. Rb7 Qe8 41. a5 Bd4 {Threatening ...Qe4+.} 42. Kf3 ({Weaker is} 42. Bxd4 Qe4+ 43. Kg3 Qxb7 $11) 42... Bxe3 43. fxe3 {Rc7 is the strong threat.} Rd6 $2 (43... Rc8 44. Qb3 Qc6+ 45. e4 Rf8) 44. a6 $18 {Threatens to win with a7.} Qe7 {Accuracy: White = 46%, Black = 45%.} 1-0